| 000 | nam a22 7a 4500 | ||
|---|---|---|---|
| 999 |
_c52011 _d52011 |
||
| 003 | OSt | ||
| 005 | 20220602133050.0 | ||
| 008 | 220602b xxu||||| |||| 00| 0 eng d | ||
| 040 | _cIIMT UNIVERSITY MEERUT | ||
| 100 | _aTRIVEDI , INDRANI | ||
| 245 | _aPATANJALA YOGA SUTRAM | ||
| 250 | _a1 ST | ||
| 260 |
_aNEW DELHI _bARISTA _c14-05-2022 |
||
| 300 | _a300 | ||
| 942 |
_2ddc _c01 |
||